000 01362naa a22003617a 4500
001 BR8701411
003 BR-BrBNA
005 20240918175757.0
007 ta
008 230509b bl.||||| |||| 00| 0 por d
040 _aBR-BrBNA
_bpor
_cBiblioteca Nacional de Agricultura
041 _a(Pt)
072 _aH20
_b1720
_bG514
090 _aH20 BR8701411
100 1 _aCharchar, J.M.
100 1 _aHuang, C.
100 1 _aMenezes Sobrinho, J.A. de
100 1 _aLopes, C.A.
111 1 _a19. Congresso Brasileiro de Olericultura
_cFlorianopolis, SC (Brazil)
_d23-29 Jul 1979
245 1 _aNematoides fitoparasitas associados a cultura do alho Allium sativum L. e Allium ampeloprazum L. nos estados de Minas Gerais, Goias, Rio Grande do Sul, Santa Catarina e Distrito Federal [Brasil]
260 3 _aFlorianopolis, SC (Brasil):
_c1979.
500 _aResumos do 19. Congresso Brasileiro de Olericultura Florianopolis, SC (Brasil): 1979. p. 305-306 (BR8701411-AM)H20
650 _aALHO
650 _aNEMATOIDE
650 _aMINAS GERAIS
650 _aGOIAS
650 _aRIO GRANDE DO SUL
650 _aSANTA CATARINA
650 _aDISTRITO FEDERAL
773 0 _tResumos do 19. Congresso Brasileiro de Olericultura
_wH20 BR8701411
_gFlorianopolis, SC (Brasil), 1979. p. 305-306
909 _a202404
_bLucia
_c55
_dLucia Elande
942 _cAM
_2AGRIS
999 _c318093
_d318093